Statistics for U.S. State Capitals that Touch the Sea

Click here to take the quiz!

General Stats

  • This quiz has been taken 43 times
  • The average score is 5 of 6

Answer Stats

Answer % Correct
Honolulu
90%
Boston
88%
Providence
85%
Olympia
73%
Juneau
71%
Annapolis
59%

Score Distribution

Percentile by Number Answered

Percent of People with Each Score

Your Score History

You have not taken this quiz